|
|
|
|
| LEADER |
00796nam a2200205Ia 4500 |
| 001 |
157623 |
| 008 |
170722s9999 xx 000 0 und d |
| 020 |
|
|
|a 8182644585
|
| 100 |
|
|
|a Vasudeven Namboodiripad
|
| 245 |
|
|
|a Kathakaliyude rangapata charithram /
|
| 260 |
|
|
|a Kozhikode :
|b Mathrubhoomi books ,
|c 2007.
|
| 300 |
|
|
|a 256 p.
|
| 653 |
|
|
|a Dance
|
| 653 |
|
|
|a Kathakali
|
| 700 |
|
|
|a Namboothiri , M. P. S.
|
| 923 |
|
|
|d 20080901
|n 000116
|
| 942 |
|
|
|c GEN
|
| 999 |
|
|
|c 137351
|d 137351
|
| 952 |
|
|
|0 0
|1 0
|4 0
|6 NS_212V_32P7KRP71
|7 0
|8 KR
|9 193971
|a LIB
|b LIB
|d 2013-03-25
|e D C Books
|o NS212v 32P7(KR)-P7;1
|p 268094
|r 2017-08-12
|v 125.00
|w 2017-08-12
|y GEN
|
| 952 |
|
|
|0 0
|1 0
|4 0
|6 NS_212V_32P7KRP71
|7 0
|9 193972
|a LIB
|b LIB
|d 2013-03-25
|e D C Books
|l 4
|o NS212v 32P7(KR)-P7;1
|p 268095
|r 2019-07-04
|s 2019-06-07
|v 125.00
|w 2017-08-12
|y GEN
|